Na sviatočné jedlá sa veľmi teší, najmä na šľachtický zemiakový šalát herečka a komička Magda Paveleková si počas Veľkej noci vypne telefón a pokazí zvonček pri bráničke

Bibliographic Details
Main Author: Kiraľvargová, Dáša (Author)
Format: Article
Language:Slovak
PhysicalDescription:Obr.
ISSN:1336-5320
Subjects:

MARC

LEADER 00000nab a2200000 a 4500
001 vtls008691370
003 SK-MaSNL
005 20260304212955.0
008 060418 2006 xo r r 000 0 slo
038 |a KEVKJB 
040 |a KEVKJB  |b slo  |c KEVKJB  |e AACR2 
041 0 |a slo 
044 |a xo  |c SK 
080 |a 792.071.2  |2 2001 
080 |a 929 Paveleková, Magda  |2 2001 
100 1 |a Kiraľvargová, Dáša  |4 aut  |9 872583 
245 1 0 |a Na sviatočné jedlá sa veľmi teší, najmä na šľachtický zemiakový šalát  |b herečka a komička Magda Paveleková si počas Veľkej noci vypne telefón a pokazí zvonček pri bráničke 
300 |b Obr. 
504 |a Filmografia Magdy Pavelekovej 
600 1 7 |a Paveleková, Magda,  |d 1931-2015  |2 kevkjb  |9 103435 
773 0 |t Košický večer  |g Roč. 17(38), č. 15 (12.4.2006), s. 11  |x 1336-5320 
852 |a KEVKJB  |b KIS3GCP 
958 |a BX 
999 |c 3133639  |d 3135569